| 000 | 00609nam a22001577a 4500 | ||
|---|---|---|---|
| 003 | OSt | ||
| 008 | 260629b |||||||| |||| 00| 0 eng d | ||
| 020 | _a9789394023154 | ||
| 082 |
_bK96A _a658.87 |
||
| 245 | _aAdvances in Agricultural Marketing & Value Chain Management/edited by Ujjwal Kumar...[et al.] | ||
| 260 |
_aNew Delhi: _bInternational Books & Periodicals Supply Service, _c2022. |
||
| 300 | _avii, 218 p. | ||
| 650 | _a Technology (Applied Sciences) | Management and Auxiliary Services | Marketing | Agricultural Marketing | Value Chain Management | ||
| 700 | _aKumar, Ujjwal | ||
| 942 |
_2ddc _cBK |
||
| 999 |
_c52444 _d52444 |
||